000 00681nam a2200193 i 4500
001 133516
003 ES-MaACL
005 20230906194432.0
007 t|
008 070817s1925 sp ||||1| spa d
100 1 _aWolfer.
_9117250
245 1 0 _aInvestigaciones clínicas y farmacológicas sobre la paristaltina "Ciba"
_b: efectos e indicaciones relativas a su aplicación intravenosa /
_cpor el Dr. Wolfe.
260 _a[S.l. :
_bs.n.],
_c1925.
300 _a15 p. ;
_c25 cm.
500 _aEs tirada aparte de revista "Paidoterapia", nº 40 (1925)
650 1 4 _aNiños-
_xEnfermedades.
_915546
650 _aNiños-
_xSalud e higiene.
_915557
852 _aES-MaACL
_j1696-F-14
999 _c133516
_d133516